Lugares que Quevedo ha mencionado - Estadísticas

Estadísticas generales
  • Esta prueba ha sido intentada 98 veces
  • La puntuación promedio es 16 de 65
Estadísticas de respuestas
Hint Respuesta % Correcto
APA | Quevedo: Bzrp Music Sessions, Vol. 52/66 | +7 otras Canarias
87%
Yankee | Gran Via | +6 otras Madrid
77%
Guaya | Si Quieren Frontear | Ahora Que España
74%
Romeo Y Julieta | APA | +6 otras Puerto Rico
68%
En Alta | Sin Señal Colombia
66%
Polaris Remix | Playa del Ingles Playa del Ingles
66%
En Alta | Donde Quiero Estar Argentina
63%
Cayo La Noche Remix | Mi Nena Remix | +3 otras Las Palmas
61%
Columbia Estados Unidos
55%
ABC | Buenas Noches | Playa del Ingles Nueva York
55%
Mi Nena Remix | Me Fui En Un Viaje Tenerife
55%
En Alta | APA Europa
50%
Quevedo: Bzrp Music Sessions, Vol. 52/66 | Ahora Y Siempre | +8 otras Gran Canaria
50%
Nena Sad Remix | Quevedo: Bzrp Music Sessions, Vol. 52/66 | Si Quieren Frontear Buenos Aires
48%
Lisboa Lisboa
48%
Desde 0 | La Última | +2 otras Miami
42%
Nonstop | Buenas Noches Toronto
42%
La Última México
40%
Iguales | Playa del Ingles Paris
40%
Nena Sad Remix Chile
39%
Buenas Noches Maldivas
39%
Mi Nena Remix | Un Dia Mas Sevilla
37%
Sin Señal Republica Dominicana
31%
Desde 0 | Te Echo De Mas Milan
29%
Sin Señal Cuba
27%
Los Roques San Juan
27%
Lisboa Antartida
26%
Kassandra Moscu
26%
Los Roques Los Roques
21%
Halo Ciudad Del Vaticano
18%
Polaris Remix | Un Dia Mas Granada
18%
Vista al Mar Los Angeles
18%
Mi Nena Remix | Iguales Añaza
16%
OA | Polaris Remix Medellin
16%
Kassandra Santorini
16%
Nena Sad Remix | Kassandra Hollywood
15%
QUEVEDO #49 AFTER HOUR THE MIXTAPE Maspalomas
15%
Te Falle Ecuador
13%
Desde 0 Los Pajaritos
13%
Desde 0 Panamá
13%
Te Falle Quito
8%
La Última La Isleta
6%
Me Fui En Un Viaje Arrecife
5%
Sin Señal Caribe
5%
La Última El Calero
5%
Sin Señal Ghana
5%
Iguales La Feria
5%
Chuos La Garita
3%
Chuos Montecarlo
3%
Ahora Y Siempre Pisa
3%
Iguales Tamaraceite
3%
Los Roques Aguada
2%
Lacone Carolina
2%
Los Roques Culebra
2%
Cayo La Noche Remix Islas Azores
2%
Lacone Ponce
2%
Mi Nena Remix San Isidro
2%
Chuos Tarifa
2%
En Alta Viena
2%
En Alta Alaska
0%
Un Dia Mas Albaicin
0%
ABC El Cedro
0%
Sangre y Fe Helsinki
0%
Nena Sad Remix Paraná
0%
Se Mando A Mudar Puerto De La Cruz
0%
No se encontraron pruebas coincidentes
Distribución de puntuación
Porcentaje de gente con cada puntuación
Porcentaje por número respondido
Historial de tus puntuaciones
No has intentado esta prueba.